| 000 | 01016nam a2200241 u 4500 | ||
|---|---|---|---|
| 001 | 000025542 | ||
| 005 | 20200930023850.0 | ||
| 008 | 110217s1969 sp r 000 0 spa d | ||
| 040 |
_aDO-SdBNP _bspa _cBNPHU |
||
| 041 | 1 | 7 |
_aspa _heng _2Código de idiomas MARC |
| 082 |
_ann* _bnn* |
||
| 100 | 1 |
_aSimonde de Sismondi, Jean Charles Leonard, _d1773-1842. _952199 |
|
| 240 | 1 | 0 |
_aPolitical economy. _lEspañol |
| 245 | 1 | 0 |
_aEconomía política : _barticulo "economía política" tomado de la Edinburgh encyclopedia, de Brewster 1815 / _cJ. C. L. Simonde de Sismondi ; prólogo de Valentín Andrés Alvarez ; traducción de Mercedes Paredes Larrucea. |
| 260 |
_aMadrid : _bAlianza, _c1969. |
||
| 300 |
_a248, [13] p. ; _c18 cm. |
||
| 490 | 1 | _aBiblioteca de la Ciencia Económica | |
| 534 |
_aTítulo original : _tPolitical economy |
||
| 700 | 1 |
_aAlvarez, Valentín Andrés, _epról. _952200 |
|
| 700 | 1 |
_aParedes Larrucea, Mercedes, _etr. _952201 |
|
| 830 | 0 |
_aBiblioteca de la Ciencia Económica _952202 |
|
| 049 | _aBNGR | ||
| 999 |
_c25034 _d25034 |
||